|
|
|
|
| LEADER |
00000nab a2200000 a 4500 |
| 001 |
vtls011731023 |
| 003 |
SK-MaSNL |
| 005 |
20260303112417.0 |
| 008 |
230121|1968 xo |||||||||||||||||cze |
| 015 |
|
|
|a SNBRB
|
| 035 |
|
|
|a (urnnbn)urn:nbn:sk:snk:ar-a05yeu
|
| 035 |
|
|
|a urn:nbn:sk:snk-abf8sq
|
| 035 |
|
|
|a (uuid)4b2e19ef-f059-425a-ae1a-a497eb98140b
|
| 040 |
|
|
|a SNKBUCL
|b slo
|c SNKBUCL
|e AACR2
|
| 041 |
0 |
|
|a cze
|
| 044 |
|
|
|a xo
|c SK
|
| 100 |
1 |
|
|a Loubal, Ladislav,
|d 1924-1997
|4 aut
|9 1117225
|
| 245 |
1 |
0 |
|a Nová etiopatogenelická možnost pathologické alkoholové opojenosti
|c Ladislav Loubal
|
| 773 |
0 |
|
|t Protialkoholický obzor
|g Roč. 3, č. 6 (1968), s. 166-169
|
| 954 |
|
|
|a odborná, vedecká literatúra cudzojazyčná (svetová)
|2 lita
|
| 958 |
|
|
|a OND
|
| 958 |
|
|
|a EUIPO
|
| 958 |
|
|
|a article24
|
| 999 |
|
|
|c 1884331
|d 1886261
|